[Event "World Chess Olympiad 2018"]
[Site "Batumi"]
[Date "2018.09.26"]
[Round "3"]
[Board "3"]
[WhiteFideId "5501733"]
[White "Bouzidi Ahmed"]
[BlackFideId "16700406"]
[Black "Muhammed Shuaau"]
[Result "0-1"]
[LiveChessVersion "1.4.8"]
[BlackElo "1775"]
[WhiteElo "2246"]

1. e4 {[%clk 1:30:54]} e5 {[%clk 1:30:52]} 2. Nf3 {[%clk 1:31:15]} Nc6
{[%clk 1:31:13]} 3. Bb5 {[%clk 1:31:27]} a6 {[%clk 1:31:41]} 4. Bxc6
{[%clk 1:31:48]} dxc6 {[%clk 1:32:08]} 5. O-O {[%clk 1:32:09]} f6
{[%clk 1:32:02]} 6. d4 {[%clk 1:32:13]} exd4 {[%clk 1:32:26]} 7. Nxd4
{[%clk 1:32:38]} c5 {[%clk 1:32:14]} 8. Ne2 {[%clk 1:30:03]} Qxd1
{[%clk 1:32:24]} 9. Rxd1 {[%clk 1:30:29]} Bd7 {[%clk 1:32:36]} 10. Bf4
{[%clk 1:30:38]} O-O-O {[%clk 1:32:50]} 11. Nbc3 {[%clk 1:31:03]} Ne7
{[%clk 1:31:16]} 12. Bg3 {[%clk 1:25:58]} f5 {[%clk 1:15:08]} 13. e5
{[%clk 1:17:16]} g5 {[%clk 1:11:57]} 14. f4 {[%clk 1:15:39]} Bh6 {[%clk 1:04:19]}
15. fxg5 {[%clk 0:38:53]} Bxg5 {[%clk 1:04:29]} 16. Nf4 {[%clk 0:38:35]} Bxf4
{[%clk 0:59:28]} 17. Bxf4 {[%clk 0:38:55]} Ng6 {[%clk 0:59:31]} 18. g3
{[%clk 0:24:46]} Bc6 {[%clk 0:44:16]} 19. Rxd8+ {[%clk 0:24:30]} Rxd8
{[%clk 0:40:38]} 20. Kf2 {[%clk 0:22:46]} Nxf4 {[%clk 0:37:13]} 21. gxf4
{[%clk 0:23:07]} Rd2+ {[%clk 0:37:38]} 22. Ke3 {[%clk 0:15:29]} Rxh2
{[%clk 0:36:53]} 23. Rd1 {[%clk 0:14:50]} Rh3+ {[%clk 0:35:43]} 24. Kf2
{[%clk 0:07:20]} Rf3+ {[%clk 0:35:43]} 25. Kg1 {[%clk 0:02:36]} Rxf4
{[%clk 0:35:47]} 26. e6 {[%clk 0:02:51]} Rd4 {[%clk 0:28:15]} 27. Re1
{[%clk 0:00:32]} Be4 {[%clk 0:25:24]} 28. Ne2 {[%clk 0:00:32]} Rd2
{[%clk 0:25:03]} 29. Nf4 {[%clk 0:00:44]} Kd8 {[%clk 0:25:18]} 30. c4
{[%clk 0:00:56]} Ke7 {[%clk 0:25:30]} 31. b3 {[%clk 0:00:49]} h5 {[%clk 0:24:45]}
32. Re3 {[%clk 0:01:05]} Rxa2 {[%clk 0:24:14]} 33. Rh3 {[%clk 0:00:46]} Ra1+
{[%clk 0:22:07]} 34. Kf2 {[%clk 0:01:08]} h4 {[%clk 0:17:33]} 35. Rxh4
{[%clk 0:00:32]} Rh1 {[%clk 0:17:51]} 36. Rxh1 {[%clk 0:00:32]} Bxh1
{[%clk 0:18:17]} 37. Kg3 {[%clk 0:00:32]} Bc6 {[%clk 0:18:32]} 38. Kh4
{[%clk 0:00:53]} Kf6 {[%clk 0:18:44]} 39. Kh5 {[%clk 0:01:12]} b5
{[%clk 0:18:30]} 40. cxb5 {[%clk 0:30:32]} axb5 {[%clk 0:48:49]} 41. Kh4
{[%clk 0:25:57]} c4 {[%clk 0:48:14]} 42. bxc4 {[%clk 0:25:35]} bxc4
{[%clk 0:48:41]} 43. Kg3 {[%clk 0:25:33]} Ke5 {[%clk 0:47:54]} 44. e7
{[%clk 0:25:25]} Kd6 {[%clk 0:47:42]} 45. Kf2 {[%clk 0:25:29]} Kxe7
{[%clk 0:48:00]} 46. Ke3 {[%clk 0:25:45]} Be4 {[%clk 0:48:09]} 47. Kd4
{[%clk 0:25:53]} Bd3 {[%clk 0:48:08]} 48. Ke5 {[%clk 0:25:39]} c6
{[%clk 0:42:12]} 49. Ng6+ {[%clk 0:24:55]} Kf7 {[%clk 0:41:02]} 50. Nf4
{[%clk 0:25:15]} Bf1 {[%clk 0:40:09]} 51. Kd4 {[%clk 0:20:01]} Kf6
{[%clk 0:40:18]} 52. Nh5+ {[%clk 0:19:04]} Kg5 {[%clk 0:40:34]} 53. Ng7
{[%clk 0:19:17]} Kg4 {[%clk 0:40:15]} 54. Ne6 {[%clk 0:17:02]} f4
{[%clk 0:39:51]} 55. Kc3 {[%clk 0:16:04]} f3 {[%clk 0:39:46]} 56. Kd2
{[%clk 0:15:45]} Bd3 {[%clk 0:39:38]} 57. Ke3 {[%clk 0:14:07]} Kg3
{[%clk 0:38:51]} 58. Nf4 {[%clk 0:13:04]} f2 {[%clk 0:38:26]} 59. Nh5+
{[%clk 0:13:29]} Kh4 {[%clk 0:38:12]} 0-1

[Event "World Chess Olympiad 2018"]
[Site "Batumi"]
[Date "2018.09.26"]
[Round "3"]
[Board "4"]
[WhiteFideId "16700031"]
[White "Ahmed Ashraf"]
[BlackFideId "5500770"]
[Black "Taieb Sahbi"]
[Result "0-1"]
[LiveChessVersion "1.4.8"]
[BlackElo "2146"]
[WhiteElo "1863"]

1. e4 c5 2. Nf3 e6 3. Nc3 a6 4. d4 cxd4 5. Nxd4 Qc7 6. Be3 Nc6 7. Na4 b5 8. Nxc6
Qxc6 9. Nb6 Rb8 10. Nxc8 Rxc8 11. Bd3 Nf6 12. f3 d5 13. exd5 Nxd5 14. Bd2 Nb4 15.
Bxb4 Bxb4+ 16. c3 Bc5 17. Qe2 O-O 18. O-O-O b4 19. c4 a5 20. Kb1 a4 21. h4 a3 22.
b3 Rcd8 23. h5 Be7 24. f4 Rd6 25. g4 Rfd8 26. Rhf1 Rxd3 27. Rxd3 Rxd3 28. Qxd3
Qg2 29. Kc1 Qxa2 30. Qc2 Qa1+ 31. Qb1 Qd4 32. Qc2 Qa1+ 33. Qb1 Qc3+ 34. Qc2 Qa1+
35. Qb1 Qd4 36. Qc2 Bf6 37. g5 Qa1+ 38. Qb1 Qc3+ 39. Kd1 Be7 40. Qc2 Qd4+ 41. Qd2
Bc5 42. Ke2 Qe4+ 43. Kd1 Qb1+ 44. Ke2 a2 45. Qd1 Qe4+ 46. Kd2 Qe3+ 0-1

[Event "World Chess Olympiad 2018"]
[Site "Batumi"]
[Date "2018.09.26"]
[Round "3"]
[Board "1"]
[WhiteFideId "6702309"]
[White "Giron Jorge Ernesto"]
[BlackFideId "16000021"]
[Black "Mutabazi Fidele"]
[Result "1-0"]
[LiveChessVersion "1.4.8"]
[BlackElo "1818"]
[WhiteElo "2303"]

1. e4 {[%clk 1:30:32]} e5 {[%clk 1:29:27]} 2. Nf3 {[%clk 1:30:55]} Nc6
{[%clk 1:29:16]} 3. Bb5 {[%clk 1:31:20]} a6 {[%clk 1:28:50]} 4. Ba4
{[%clk 1:31:46]} Nf6 {[%clk 1:27:35]} 5. d3 {[%clk 1:32:07]} Bd6 {[%clk 1:21:44]}
6. c3 {[%clk 1:30:09]} b5 {[%clk 1:09:12]} 7. Bc2 {[%clk 1:28:42]} O-O
{[%clk 1:09:15]} 8. O-O {[%clk 1:29:05]} Bb7 {[%clk 1:04:56]} 9. Re1
{[%clk 1:25:32]} Ne7 {[%clk 0:52:46]} 10. d4 {[%clk 1:19:02]} Ng6
{[%clk 0:51:53]} 11. dxe5 {[%clk 1:19:28]} Bxe5 {[%clk 0:47:27]} 12. Nxe5
{[%clk 1:19:54]} Nxe5 {[%clk 0:46:47]} 13. f4 {[%clk 1:20:21]} Nc4
{[%clk 0:45:41]} 14. b3 {[%clk 1:20:20]} Nb6 {[%clk 0:44:41]} 15. e5
{[%clk 1:18:54]} Nfd5 {[%clk 0:43:14]} 16. Qh5 {[%clk 1:18:21]} g6 17. Qh6 f5
{[%clk 0:39:01]} 18. Nd2 {[%clk 1:18:24]} Rf7 {[%clk 0:37:04]} 19. Nf3
{[%clk 1:14:28]} Qf8 {[%clk 0:35:01]} 20. Qxf8+ {[%clk 1:14:54]} Rfxf8
{[%clk 0:35:21]} 21. Bd2 {[%clk 1:15:20]} Rfe8 {[%clk 0:33:34]} 22. Kf2
{[%clk 1:11:57]} h6 {[%clk 0:33:31]} 23. Nh4 {[%clk 1:08:50]} Ne7
{[%clk 0:32:24]} 24. g4 {[%clk 1:06:07]} fxg4 {[%clk 0:27:38]} 25. Nxg6
{[%clk 1:03:48]} Kf7 {[%clk 0:26:11]} 26. Nh4 {[%clk 1:03:11]} h5
{[%clk 0:25:20]} 27. Kg3 {[%clk 1:03:04]} Bd5 {[%clk 0:24:54]} 28. f5
{[%clk 1:01:46]} Rg8 {[%clk 0:24:03]} 29. Bf4 {[%clk 0:59:51]} c6 30. Be3 Rab8
{[%clk 0:19:23]} 31. Rf1 {[%clk 1:00:07]} Na8 {[%clk 0:18:13]} 32. Rae1
{[%clk 1:00:27]} Rbf8 {[%clk 0:14:25]} 33. Bc5 {[%clk 0:57:44]} Ke8
{[%clk 0:07:51]} 34. Rf4 {[%clk 0:56:54]} Rg5 {[%clk 0:06:23]} 35. c4
{[%clk 0:56:34]} Bg8 {[%clk 0:03:57]} 36. f6 {[%clk 0:55:10]} Nc8
{[%clk 0:03:36]} 37. Bxf8 {[%clk 0:54:05]} Kxf8 {[%clk 0:04:01]} 38. Ng6+
{[%clk 0:54:28]} Ke8 {[%clk 0:02:41]} 39. Kh4 {[%clk 0:54:44]} Rxg6
{[%clk 0:01:48]} 40. Bxg6+ {[%clk 0:55:09]} Bf7 {[%clk 0:01:59]} 41. e6
{[%clk 0:55:21]} dxe6 {[%clk 0:02:16]} 42. Rxe6+ {[%clk 1:25:45]} Kf8
{[%clk 0:32:44]} 43. Bxf7 {[%clk 1:25:59]} Kxf7 {[%clk 0:33:12]} 44. Rxc6
{[%clk 1:26:24]} 1-0

[Event "World Chess Olympiad 2018"]
[Site "Batumi"]
[Date "2018.09.26"]
[Round "3"]
[Board "2"]
[WhiteFideId "16000013"]
[White "Murara Maxence"]
[BlackFideId "6700098"]
[Black "Chavez Ricardo Ernesto"]
[Result "0-1"]
[LiveChessVersion "1.4.8"]
[BlackElo "2244"]
[WhiteElo "1789"]

1. d4 {[%clk 1:30:49]} Nf6 {[%clk 1:30:42]} 2. Bf4 {[%clk 1:31:09]} e6
{[%clk 1:30:30]} 3. Nf3 {[%clk 1:31:20]} c5 {[%clk 1:30:48]} 4. e3
{[%clk 1:30:45]} b6 {[%clk 1:29:07]} 5. Bd3 {[%clk 1:29:51]} Bb7 {[%clk 1:29:22]}
6. Nbd2 {[%clk 1:29:45]} cxd4 {[%clk 1:29:18]} 7. exd4 {[%clk 1:30:01]} Be7
{[%clk 1:29:20]} 8. c3 {[%clk 1:29:50]} O-O {[%clk 1:29:42]} 9. Qc2
{[%clk 1:27:45]} d6 {[%clk 1:29:28]} 10. h3 {[%clk 1:24:40]} Nbd7
{[%clk 1:29:26]} 11. g4 {[%clk 1:18:24]} e5 {[%clk 1:26:44]} 12. dxe5
{[%clk 1:10:07]} dxe5 {[%clk 1:26:34]} 13. Be3 {[%clk 1:01:59]} g6
{[%clk 1:05:52]} 14. Rg1 {[%clk 0:52:58]} Nc5 {[%clk 1:02:31]} 15. Bxc5
{[%clk 0:48:33]} Bxc5 {[%clk 1:02:48]} 16. O-O-O {[%clk 0:48:25]} Bxf2
{[%clk 0:58:27]} 17. Rgf1 {[%clk 0:47:47]} Bg3 {[%clk 0:58:04]} 18. Ne4
{[%clk 0:43:55]} Nxe4 {[%clk 0:49:18]} 19. Bxe4 {[%clk 0:44:14]} Qe7
{[%clk 0:44:56]} 20. Bxb7 {[%clk 0:43:02]} Qxb7 {[%clk 0:45:18]} 21. h4
{[%clk 0:42:20]} Rad8 {[%clk 0:40:00]} 22. Rxd8 {[%clk 0:40:15]} Rxd8
{[%clk 0:40:22]} 23. h5 {[%clk 0:40:20]} Qd5 {[%clk 0:35:48]} 24. Kb1
{[%clk 0:26:36]} Qd3 {[%clk 0:33:50]} 25. Qxd3 {[%clk 0:26:42]} Rxd3
{[%clk 0:34:12]} 26. Kc2 {[%clk 0:26:15]} Rd7 {[%clk 0:32:40]} 27. Ng5
{[%clk 0:25:21]} Bf4 {[%clk 0:28:50]} 28. Ne4 {[%clk 0:25:48]} Kg7
{[%clk 0:29:03]} 29. hxg6 {[%clk 0:21:15]} Kxg6 {[%clk 0:28:32]} 30. Rd1
{[%clk 0:17:50]} Rxd1 {[%clk 0:28:43]} 31. Kxd1 {[%clk 0:18:12]} f5
{[%clk 0:27:13]} 32. gxf5+ {[%clk 0:16:21]} Kxf5 {[%clk 0:27:37]} 33. Nd6+
{[%clk 0:16:27]} Kg4 {[%clk 0:27:17]} 34. a4 {[%clk 0:13:24]} Kf3
{[%clk 0:26:51]} 35. a5 {[%clk 0:12:57]} bxa5 {[%clk 0:27:00]} 36. c4
{[%clk 0:12:58]} e4 {[%clk 0:24:38]} 37. c5 {[%clk 0:13:04]} e3 {[%clk 0:25:24]}
38. Nf5 {[%clk 0:11:46]} e2+ {[%clk 0:22:44]} 39. Ke1 {[%clk 0:41:51]} Bd2+
{[%clk 0:52:05]} 40. Kxd2 {[%clk 0:39:51]} Kf2 {[%clk 0:52:31]} 41. Nd4
{[%clk 0:34:06]} e1=Q+ {[%clk 0:52:46]} 42. Kd3 {[%clk 0:33:50]} Qc1
{[%clk 0:51:08]} 43. c6 {[%clk 0:29:46]} Qc5 {[%clk 0:51:20]} 0-1

[Event "World Chess Olympiad 2018"]
[Site "Batumi"]
[Date "2018.09.26"]
[Round "3"]
[Board "3"]
[WhiteFideId "6700640"]
[White "Arias Daniel"]
[BlackFideId "16000480"]
[Black "Nzabanita Joseph"]
[Result "1-0"]
[LiveChessVersion "1.4.8"]
[BlackElo "1849"]
[WhiteElo "2274"]

1. e4 {[%clk 1:30:00]} c5 {[%clk 1:30:18]} 2. Nf3 {[%clk 1:30:06]} Nc6 3. Nc3
{[%clk 1:30:20]} a6 {[%clk 1:29:42]} 4. d4 {[%clk 1:28:57]} cxd4 {[%clk 1:28:23]}
5. Nxd4 {[%clk 1:29:19]} Nxd4 {[%clk 1:24:24]} 6. Qxd4 {[%clk 1:28:27]} d6
{[%clk 1:23:51]} 7. Bc4 {[%clk 1:26:04]} e6 {[%clk 1:23:27]} 8. Bb3
{[%clk 1:23:15]} Nf6 {[%clk 1:21:50]} 9. Bg5 {[%clk 1:19:31]} Be7
{[%clk 1:21:46]} 10. O-O {[%clk 1:16:32]} O-O {[%clk 1:20:35]} 11. Rfd1
{[%clk 1:16:40]} b5 {[%clk 1:19:54]} 12. a4 {[%clk 1:14:30]} bxa4
{[%clk 1:17:11]} 13. Rxa4 {[%clk 1:12:33]} Bb7 {[%clk 1:12:15]} 14. Qd3
{[%clk 1:08:49]} Qc7 {[%clk 1:08:49]} 15. Bf4 {[%clk 1:03:09]} Rfd8
{[%clk 1:03:52]} 16. Rc4 {[%clk 0:56:06]} Qa5 {[%clk 1:02:30]} 17. Rd4
{[%clk 0:51:02]} d5 {[%clk 0:53:46]} 18. exd5 {[%clk 0:44:01]} Nxd5
{[%clk 0:52:03]} 19. Bxd5 {[%clk 0:43:03]} exd5 {[%clk 0:48:57]} 20. Nxd5
{[%clk 0:40:01]} Bxd5 {[%clk 0:36:30]} 21. Rxd5 {[%clk 0:36:50]} Rxd5
{[%clk 0:35:03]} 22. Qxd5 {[%clk 0:37:12]} Qxd5 {[%clk 0:34:11]} 23. Rxd5
{[%clk 0:37:36]} Rd8 {[%clk 0:33:20]} 24. Rxd8+ {[%clk 0:37:34]} Bxd8
{[%clk 0:33:47]} 25. Kf1 {[%clk 0:37:58]} f5 {[%clk 0:33:58]} 26. Ke2
{[%clk 0:38:10]} Kf7 {[%clk 0:33:22]} 27. Be5 {[%clk 0:37:42]} g6
{[%clk 0:33:35]} 28. Kd3 {[%clk 0:37:59]} Ke6 {[%clk 0:33:09]} 29. Bd4
{[%clk 0:38:24]} Kd5 {[%clk 0:32:56]} 30. c4+ {[%clk 0:38:48]} Kc6
{[%clk 0:32:23]} 31. b4 {[%clk 0:38:54]} Bc7 {[%clk 0:29:56]} 32. h3
{[%clk 0:39:12]} Bd6 {[%clk 0:28:25]} 33. Kc3 {[%clk 0:39:23]} Bf4
{[%clk 0:28:12]} 34. Kb3 {[%clk 0:39:30]} Bd6 {[%clk 0:26:19]} 35. Ka4
{[%clk 0:39:04]} Bc7 {[%clk 0:25:33]} 36. Be3 {[%clk 0:38:48]} h5
{[%clk 0:24:53]} 37. g3 {[%clk 0:37:25]} Bd8 {[%clk 0:24:53]} 38. h4
{[%clk 0:37:32]} Bc7 {[%clk 0:21:40]} 39. b5+ {[%clk 0:35:02]} axb5+
{[%clk 0:21:31]} 40. cxb5+ {[%clk 1:05:28]} Kb7 {[%clk 0:49:22]} 41. Kb4
{[%clk 1:05:53]} 1-0

[Event "World Chess Olympiad 2018"]
[Site "Batumi"]
[Date "2018.09.26"]
[Round "3"]
[Board "4"]
[WhiteFideId "16000145"]
[White "Murara Urwintwari Ian"]
[BlackFideId "6700187"]
[Black "Burgos Figueroa Carlos E."]
[Result "0-1"]
[LiveChessVersion "1.4.8"]
[BlackElo "2222"]
[WhiteElo "1677"]

1. d4 {[%clk 1:30:29]} d5 {[%clk 1:30:47]} 2. c4 {[%clk 1:30:42]} e6
{[%clk 1:31:10]} 3. Nc3 {[%clk 1:30:46]} c6 {[%clk 1:31:35]} 4. Nf3
{[%clk 1:30:14]} f5 {[%clk 1:32:00]} 5. Bf4 {[%clk 1:29:26]} Nf6 {[%clk 1:32:25]}
6. cxd5 {[%clk 1:29:04]} exd5 {[%clk 1:32:53]} 7. e3 {[%clk 1:28:56]} Bd6
{[%clk 1:33:17]} 8. Bxd6 {[%clk 1:26:00]} Qxd6 {[%clk 1:33:45]} 9. Bd3
{[%clk 1:26:03]} O-O {[%clk 1:34:07]} 10. O-O {[%clk 1:24:58]} Ne4
{[%clk 1:34:11]} 11. Re1 {[%clk 1:16:54]} Nd7 {[%clk 1:34:17]} 12. Nd2
{[%clk 1:16:12]} Ndf6 {[%clk 1:33:55]} 13. f4 {[%clk 1:14:09]} Ng4
{[%clk 1:34:07]} 14. Ndxe4 {[%clk 1:04:37]} fxe4 {[%clk 1:34:21]} 15. Be2
{[%clk 1:04:28]} Nxe3 {[%clk 1:34:29]} 16. Qd2 {[%clk 1:02:55]} Qxf4
{[%clk 1:34:28]} 17. Bd3 {[%clk 1:00:23]} Nxg2 {[%clk 1:32:38]} 18. Nxe4
{[%clk 0:53:59]} Nxe1 {[%clk 1:32:27]} 0-1

[Event "World Chess Olympiad 2018"]
[Site "Batumi"]
[Date "2018.09.26"]
[Round "3"]
[Board "1"]
[WhiteFideId "2800020"]
[White "Gruenfeld Yehuda"]
[BlackFideId "8700281"]
[Black "Kayonde Andrew"]
[Result "1-0"]
[LiveChessVersion "1.4.8"]
[BlackElo "2393"]
[WhiteElo "2418"]

1. e4 {[%clk 1:30:56]} c6 {[%clk 1:29:56]} 2. d4 {[%clk 1:31:18]} d5
{[%clk 1:30:19]} 3. Nc3 {[%clk 1:31:41]} dxe4 {[%clk 1:30:37]} 4. Nxe4
{[%clk 1:32:05]} Nd7 {[%clk 1:30:59]} 5. Bd3 {[%clk 1:31:38]} Ngf6
{[%clk 1:31:11]} 6. Ng5 {[%clk 1:31:54]} e6 {[%clk 1:30:31]} 7. N1f3
{[%clk 1:31:56]} Bd6 {[%clk 1:30:51]} 8. Qe2 {[%clk 1:32:10]} h6 {[%clk 1:31:07]}
9. Ne4 {[%clk 1:32:20]} Nxe4 {[%clk 1:31:17]} 10. Qxe4 {[%clk 1:32:44]} Qc7
{[%clk 1:31:38]} 11. O-O {[%clk 1:32:41]} b6 {[%clk 1:31:49]} 12. Qg4
{[%clk 1:31:38]} g5 {[%clk 1:31:50]} 13. Qh3 {[%clk 1:30:07]} Rg8
{[%clk 1:31:26]} 14. Re1 {[%clk 1:17:25]} g4 {[%clk 1:20:25]} 15. Qxh6
{[%clk 1:17:22]} gxf3 {[%clk 1:20:50]} 16. Rxe6+ {[%clk 1:17:32]} Be7
{[%clk 1:21:11]} 17. Bf4 {[%clk 1:11:59]} Rxg2+ {[%clk 0:37:27]} 18. Kh1
{[%clk 1:09:51]} Qb7 {[%clk 0:37:03]} 19. Rxe7+ {[%clk 1:09:10]} Kxe7
{[%clk 0:37:24]} 20. Bd6+ {[%clk 1:07:49]} 1-0

[Event "World Chess Olympiad 2018"]
[Site "Batumi"]
[Date "2018.09.26"]
[Round "3"]
[Board "2"]
[WhiteFideId "8700680"]
[White "Munenga Douglas D"]
[BlackFideId "24149942"]
[Black "Varezhkin Viktor"]
[Result "1-0"]
[LiveChessVersion "1.4.8"]
[BlackElo "2261"]
[WhiteElo "2273"]

1. e4 {[%clk 1:30:40]} d6 {[%clk 1:30:51]} 2. d4 {[%clk 1:29:00]} Nf6
{[%clk 1:31:13]} 3. Nc3 {[%clk 1:29:24]} c6 {[%clk 1:31:38]} 4. f4
{[%clk 1:28:26]} d5 {[%clk 1:32:01]} 5. e5 {[%clk 1:23:11]} Ng8 {[%clk 1:32:24]}
6. Nf3 {[%clk 1:22:37]} g6 {[%clk 1:32:24]} 7. Be3 {[%clk 1:22:28]} Bg4
{[%clk 1:31:11]} 8. h3 {[%clk 1:20:44]} Bxf3 {[%clk 1:31:21]} 9. Qxf3
{[%clk 1:21:11]} e6 {[%clk 1:31:38]} 10. g4 {[%clk 1:11:17]} h5 {[%clk 1:31:57]}
11. O-O-O {[%clk 1:11:12]} hxg4 {[%clk 1:15:23]} 12. hxg4 {[%clk 1:11:39]} Rxh1
{[%clk 1:15:49]} 13. Qxh1 {[%clk 1:11:55]} Bh6 {[%clk 1:16:17]} 14. Bd3
{[%clk 1:11:12]} Nd7 {[%clk 1:15:54]} 15. Qh3 {[%clk 1:08:54]} Nf8
{[%clk 1:08:06]} 16. Rh1 {[%clk 1:07:48]} Qd7 {[%clk 1:02:23]} 17. f5
{[%clk 1:07:07]} Bxe3+ {[%clk 1:02:36]} 18. Qxe3 {[%clk 1:07:32]} gxf5
{[%clk 0:57:43]} 19. Qg5 {[%clk 0:35:56]} Ne7 {[%clk 0:53:39]} 20. gxf5
{[%clk 0:25:27]} exf5 {[%clk 0:51:41]} 21. Ne2 {[%clk 0:25:18]} O-O-O
{[%clk 0:50:54]} 22. Rf1 {[%clk 0:24:03]} Kc7 {[%clk 0:36:25]} 23. Bxf5
{[%clk 0:20:27]} Nxf5 {[%clk 0:36:16]} 24. Rxf5 {[%clk 0:20:51]} Ne6
{[%clk 0:32:58]} 25. Qf6 {[%clk 0:21:10]} Rf8 {[%clk 0:33:19]} 26. Nf4
{[%clk 0:16:56]} Nd8 {[%clk 0:32:42]} 27. e6 {[%clk 0:16:52]} 1-0

[Event "World Chess Olympiad 2018"]
[Site "Batumi"]
[Date "2018.09.26"]
[Round "3"]
[Board "3"]
[WhiteFideId "410551"]
[White "Martin Lewis"]
[BlackFideId "8701709"]
[Black "Kaulule Siame Kela"]
[Result "1/2-1/2"]
[LiveChessVersion "1.4.8"]
[BlackElo "2160"]
[WhiteElo "2128"]

1. e4 {[%clk 1:30:56]} b6 {[%clk 1:30:35]} 2. d4 {[%clk 1:31:14]} Bb7
{[%clk 1:30:58]} 3. Bd3 {[%clk 1:31:27]} e6 {[%clk 1:31:07]} 4. Nf3
{[%clk 1:29:23]} Nf6 {[%clk 1:31:14]} 5. Nbd2 {[%clk 1:28:20]} d6
{[%clk 1:29:49]} 6. O-O {[%clk 1:28:16]} Nbd7 {[%clk 1:29:44]} 7. Re1
{[%clk 1:27:55]} Be7 {[%clk 1:29:37]} 8. Nf1 {[%clk 1:27:34]} c5 {[%clk 1:29:23]}
9. c3 {[%clk 1:27:47]} Qc7 {[%clk 1:27:31]} 10. Ng3 {[%clk 1:24:26]} O-O
{[%clk 1:24:26]} 11. Bg5 {[%clk 1:12:42]} Rfe8 {[%clk 1:23:12]} 12. Qe2
{[%clk 1:07:12]} h6 {[%clk 1:12:23]} 13. Bf4 {[%clk 1:04:15]} Bf8
{[%clk 1:08:08]} 14. Rad1 {[%clk 1:03:09]} a6 {[%clk 1:06:18]} 15. Bc1
{[%clk 0:52:06]} b5 {[%clk 0:55:40]} 16. e5 {[%clk 0:49:05]} Nd5 {[%clk 0:49:26]}
17. Nh4 {[%clk 0:36:33]} c4 {[%clk 0:36:49]} 18. Bb1 {[%clk 0:36:30]} f5
{[%clk 0:36:37]} 19. Ng6 {[%clk 0:26:50]} dxe5 {[%clk 0:36:27]} 20. dxe5
{[%clk 0:26:29]} Bc5 {[%clk 0:36:13]} 21. Qh5 {[%clk 0:24:52]} Qc6
{[%clk 0:33:57]} 22. Nh4 {[%clk 0:23:46]} Nf8 {[%clk 0:27:32]} 23. Nf1
{[%clk 0:14:26]} Red8 {[%clk 0:21:37]} 24. Nf3 {[%clk 0:11:10]} Rd7
{[%clk 0:19:21]} 25. Qh3 {[%clk 0:11:06]} Rad8 {[%clk 0:17:30]} 26. Nd4
{[%clk 0:10:32]} Qb6 {[%clk 0:17:38]} 27. Qg3 {[%clk 0:09:49]} g5
{[%clk 0:13:55]} 28. h4 {[%clk 0:08:24]} Rg7 {[%clk 0:12:03]} 29. hxg5
{[%clk 0:07:56]} hxg5 {[%clk 0:11:31]} 30. Nh2 {[%clk 0:02:30]} Rdd7
{[%clk 0:07:18]} 31. Nhf3 {[%clk 0:02:36]} g4 {[%clk 0:06:31]} 32. Ng5
{[%clk 0:01:27]} Be7 {[%clk 0:05:35]} 33. Ngxe6 {[%clk 0:01:40]} Nxe6
{[%clk 0:05:44]} 34. Nxf5 {[%clk 0:01:52]} Bc5 {[%clk 0:02:48]} 35. Nxg7
{[%clk 0:02:17]} Rxg7 {[%clk 0:02:04]} 36. Bf5 {[%clk 0:02:22]} Bxf2+
{[%clk 0:01:46]} 37. Qxf2 {[%clk 0:02:43]} Qxf2+ {[%clk 0:02:15]} 38. Kxf2
{[%clk 0:03:08]} Rf7 {[%clk 0:02:36]} 39. Kg3 {[%clk 0:03:15]} Rxf5
{[%clk 0:03:03]} 40. Kxg4 {[%clk 0:33:31]} Rf7 {[%clk 0:33:01]} 41. Bh6
{[%clk 0:30:25]} Nc5 {[%clk 0:27:35]} 42. Rf1 {[%clk 0:28:43]} Nd3
{[%clk 0:23:25]} 43. e6 {[%clk 0:23:43]} Bc8 {[%clk 0:19:26]} 44. Rxf7
{[%clk 0:23:11]} Bxe6+ {[%clk 0:19:48]} 45. Rf5 {[%clk 0:23:37]} Ne7
{[%clk 0:18:41]} 46. Kg5 {[%clk 0:20:35]} Nxf5 {[%clk 0:17:44]} 47. Kf6
{[%clk 0:20:00]} Bc8 {[%clk 0:17:04]} 48. Bg5 {[%clk 0:20:01]} Ng3
{[%clk 0:17:13]} 49. Ke7 {[%clk 0:19:22]} Bg4 {[%clk 0:17:17]} 50. Rb1
{[%clk 0:18:49]} Ne4 {[%clk 0:12:22]} 51. Be3 {[%clk 0:18:37]} Ng3
{[%clk 0:11:15]} 52. Kd8 {[%clk 0:18:19]} Kf7 {[%clk 0:10:04]} 53. b3
{[%clk 0:17:30]} Be6 {[%clk 0:10:09]} 54. b4 {[%clk 0:15:06]} Bf5
{[%clk 0:06:38]} 55. Ra1 {[%clk 0:14:04]} Ne4 {[%clk 0:05:12]} 56. Bd4
{[%clk 0:13:52]} Ng5 {[%clk 0:05:31]} 57. Bg1 {[%clk 0:10:28]} Ne6+
{[%clk 0:04:58]} 58. Kc8 {[%clk 0:10:47]} Be4 {[%clk 0:05:01]} 59. g3
{[%clk 0:10:02]} Bc6 {[%clk 0:04:39]} 60. Rf1+ {[%clk 0:08:36]} Ke7
{[%clk 0:03:57]} 61. g4 {[%clk 0:06:26]} Ndf4 {[%clk 0:03:44]} 62. Bc5+
{[%clk 0:05:55]} Kf6 {[%clk 0:02:09]} 63. Bd6 {[%clk 0:05:42]} Kg5
{[%clk 0:02:25]} 64. Bxf4+ {[%clk 0:05:28]} Nxf4 {[%clk 0:02:54]} 65. Kc7
{[%clk 0:05:49]} Bg2 {[%clk 0:02:23]} 66. Rg1 {[%clk 0:05:44]} Bf3
{[%clk 0:02:47]} 67. Kb6 {[%clk 0:05:56]} Nd5+ {[%clk 0:02:35]} 68. Kxa6
{[%clk 0:06:22]} Nxc3 {[%clk 0:02:49]} 69. a3 {[%clk 0:04:05]} Nd1
{[%clk 0:01:52]} 70. Re1 {[%clk 0:03:55]} Kxg4 {[%clk 0:01:49]} 71. Kxb5
{[%clk 0:03:38]} c3 {[%clk 0:02:13]} 72. Re5 {[%clk 0:03:42]} Kf4
{[%clk 0:01:01]} 73. Rc5 {[%clk 0:04:08]} Ke4 {[%clk 0:01:05]} 74. Kc4
{[%clk 0:03:38]} Be2+ {[%clk 0:00:41]} 75. Kb3 {[%clk 0:04:04]} Kd4
{[%clk 0:01:10]} 76. a4 {[%clk 0:03:44]} Bf3 {[%clk 0:01:20]} 77. a5
{[%clk 0:03:51]} Ne3 {[%clk 0:01:39]} 78. a6 {[%clk 0:03:27]} Bd5+
{[%clk 0:02:03]} 79. Ka4 {[%clk 0:03:12]} Nc4 {[%clk 0:01:40]} 80. Kb3
{[%clk 0:02:26]} Ne3+ {[%clk 0:01:58]} 81. Ka4 {[%clk 0:02:23]} Bc4
{[%clk 0:01:37]} 82. a7 {[%clk 0:02:33]} c2 {[%clk 0:01:46]} 83. a8=Q
{[%clk 0:02:51]} c1=Q {[%clk 0:01:36]} 84. Qh8+ {[%clk 0:02:59]} Kd3
{[%clk 0:01:17]} 85. Qh7+ {[%clk 0:02:58]} Ke2 {[%clk 0:00:52]} 86. Qh5+
{[%clk 0:02:14]} Kd3 {[%clk 0:01:10]} 87. Qh7+ {[%clk 0:02:20]} Ke2
{[%clk 0:01:16]} 88. Qh2+ {[%clk 0:02:05]} Kd3 {[%clk 0:01:37]} 89. Qd6+
{[%clk 0:01:58]} Ke2 {[%clk 0:02:00]} 90. Qh2+ {[%clk 0:02:01]} 1/2-1/2